000 00704nam a22002537a 4500
003 CHAP
005 20220329140732.0
008 971013s r 00010 d
010 _a56766
011 _a57738
035 _a61893
040 _cCHAP
090 _aR-2143
100 0 0 _aSchothorst, C. J.
_9103152
245 _aSubsidence of low moor peat soils in the western Netherlands
500 _aSobretiro de: Geoderma 17:265-291, 1977
590 _aBATCH-UPD
_b10
_c20130110
_lUCH01
_h0439
590 _aCONVERSION
_b10
_c20130109
_lUCH01
_h1330
650 1 4 _aDrenaje.
_934190
650 1 4 _aTurba.
_9115586
901 _aBK
942 _cREIMP
949 _aR-2143
_bBC
_cR
_d-132826
_eTS1
_i61893
_si
999 _c56766
_d56766